Salaries et entreprises dans les pays du Sud : contribution a une anthropologie politique des travailleurs
Αποθηκεύτηκε σε:
| Άλλοι συγγραφείς: | , , |
|---|---|
| Μορφή: | Βιβλίο |
| Γλώσσα: | French |
| Δημοσίευση: |
Paris :
Karthala et Orstom,
c1995
|
| Σειρά: | Hommes et societes
|
| Θέματα: | |
| Ετικέτες: |
Προσθήκη ετικέτας
Δεν υπάρχουν, Καταχωρήστε ετικέτα πρώτοι!
|
MARC
| LEADER | 00000nam a2200000 i 4500 | ||
|---|---|---|---|
| 001 | 1/69831 | ||
| 008 | 981111s1995 fre d | ||
| 020 | |a 2-86-537-526-9 | ||
| 035 | |l 10030472 | ||
| 040 | |a GR-MY-UA |b gre |e aacr | ||
| 041 | 0 | |a fre | |
| 082 | 0 | |a 331.091724 | |
| 245 | 1 | 0 | |a Salaries et entreprises dans les pays du Sud : |b contribution a une anthropologie politique des travailleurs / |c sous la direction de Robert Cabanes; Jean Copans; Monique Selim |
| 260 | |a Paris : |b Karthala et Orstom, |c c1995 | ||
| 300 | |a 458 p. | ||
| 490 | 1 | |a Collection "Hommes et societes" | |
| 504 | |a Includes bibliographical references and index | ||
| 650 | 0 | 0 | |a Working class |z Developing countries. |
| 700 | 1 | |a Cabanes, Robert. |4 edt | |
| 700 | 1 | |a Copans, Jean. |4 edt | |
| 700 | 1 | |a Selim, Monique. |4 edt | |
| 830 | 0 | |a Hommes et societes | |
| 852 | |a INST |b LESVOS |e 19981111 |h 331.091724 SAL |p 005100017935 |q 005100017935 |t BK |y 0 | ||
| 901 | |a BIBL-1998-3 | ||
| 909 | |a Λ |b 060112 | ||
| 922 | |a 1ΕΛΗ |b 199810 |c ΚΠΣ/ΤΚΑ |d ΠΑΠΑΣΩΤΗΡΙΟΥ | ||
| 950 | |a 117-1998-07-08 | ||